000 00628cam a2200217 4500500
005 20260405002803.0
041 _afre
042 _adc
100 1 0 _aTenaillon, Nicolas
_eauthor
245 0 0 _aPourquoi dormons-nous avec un oreiller ?
260 _c2018.
500 _a19
690 _aConfort
690 _aMarcel Mauss
690 _aMontaigne
690 _aOreiller
690 _aSommeil
690 _aVoltaire
786 0 _nPhilosophie magazine | 123 | 10 | 2018-10-01 | p. 35-35 | 1951-1787
856 4 1 _uhttps://shs.cairn.info/magazine-philosophie-magazine-2018-10-page-35?lang=fr&redirect-ssocas=7080
999 _c2061134
_d2061134